00309nam a2200133Ia 45000030006000000080041000060400015000471000015000622450035000772500010001122600024001225460012001460050017001580STCL150530s9999 xx 000 0 und d aSTCLcSTCL aYapp, W.B. aLife and organization of birds aFirst bEdward Arnoldc1970 aEnglish20220125170510.0